Кн. 2; Методы элементоорганической химии. Литий, натрий, калий, рубидий, цезий

Dettagli Bibliografici
Parent link:Методы элементоорганической химии. Литий, натрий, калий, рубидий, цезий: в 2 кн./ Т. В. Талалаева, К. А. Кочешков; Академия наук СССР (АН СССР), Институт элементоорганических соединений им. А. Н. Несмеянова (ИНЭОС) ; под ред. А. Н. Несмеянова ; К. А. Кочешкова. Кн. 2.— , 1971
Riassunto:Монография посвящена методам синтеза и реакциям металлоорганических соединений лития, натрия, калия, рубидия, цезия, имеющим большое научное и практическое значение и интенсивно разрабатываемым в последние годы. Обобщен обширный материал отечественных и зарубежных исследований. Рассматриваются строение, свойства и реакционная способность органических соединений щелочных металлов. Отдельные главы посвящены полимеризации, инициируемой щелочными металлами и их органическими соединениями. Книга рассчитана на химиков: работников научно-исследовательских учреждений и заводских лабораторий, а также преподавателей и студентов вузов.
Lingua:russo
Pubblicazione: 1971
Soggetti:
Natura: MixedMaterials Libro
KOHA link:https://koha.lib.tpu.ru/cgi-bin/koha/opac-detail.pl?biblionumber=251495

MARC

LEADER 00000nam2a2200000 4500
001 251495
005 20231101232649.0
035 |a (RuTPU)RU\TPU\book\273794 
035 |a RU\TPU\book\273784 
090 |a 251495 
100 |a 20140221d1971 k y0rusy50 ca 
101 0 |a rus 
102 |a RU 
105 |a a z 001zy 
200 0 |a Кн. 2 
210 |d 1971 
215 |a 565-1192 с. 
320 |a Библиогр. в конце глав. 
320 |a Предм. указатель: с. 1145-1184. 
330 |a Монография посвящена методам синтеза и реакциям металлоорганических соединений лития, натрия, калия, рубидия, цезия, имеющим большое научное и практическое значение и интенсивно разрабатываемым в последние годы. Обобщен обширный материал отечественных и зарубежных исследований. Рассматриваются строение, свойства и реакционная способность органических соединений щелочных металлов. Отдельные главы посвящены полимеризации, инициируемой щелочными металлами и их органическими соединениями. Книга рассчитана на химиков: работников научно-исследовательских учреждений и заводских лабораторий, а также преподавателей и студентов вузов. 
461 1 |0 (RuTPU)RU\TPU\book\275732  |t Методы элементоорганической химии. Литий, натрий, калий, рубидий, цезий  |o в 2 кн.  |f Т. В. Талалаева, К. А. Кочешков  |g Академия наук СССР (АН СССР), Институт элементоорганических соединений им. А. Н. Несмеянова (ИНЭОС) ; под ред. А. Н. Несмеянова ; К. А. Кочешкова  |v Кн. 2  |d 1971 
606 1 |a Элементоорганические соединения  |x Химия  |2 stltpush  |3 (RuTPU)RU\TPU\subj\21138  |9 46177 
610 1 |a литий 
610 1 |a натрий 
610 1 |a калий 
610 1 |a рубидий 
610 1 |a цезий 
610 1 |a алифатические соединения 
610 1 |a ациклические соединения 
610 1 |a гетероциклические соединения 
610 1 |a свойства 
610 1 |a строение 
610 1 |a ароматические соединения 
610 1 |a фуран 
610 1 |a водород 
610 1 |a этилен 
610 1 |a кремний 
610 1 |a галоидные соединения 
610 1 |a эфирные связи 
610 1 |a микроструктура 
610 1 |a полимеры 
610 1 |a натрийорганические соединения 
610 1 |a калийорганические соединения 
675 |a 547.1'1  |v 3 
801 1 |a RU  |b 63413507  |c 20140214 
801 2 |a RU  |b 63413507  |c 20161212  |g RCR 
942 |c BK